Kajian awal industri pelancongan Negeri Perlis

Bibliographic Details
Main Author: MATHEW
Corporate Author: WWF Malaysia, Tabung Alam Malaysia
Other Authors: Suzana Mohkeri
Format: Book
Published: Petaling Jaya, Selangor : WWF Malaysia , 1995
Subjects:

MARC

LEADER 00000cam a2200000 7i4500
001 0000001787
005 20011126.0
090 0 0 |a 338.4791   |b MAT 1995 
100 1 0 |a MATHEW   |h Daria 
245 1 0 |a Kajian awal industri pelancongan Negeri Perlis   |c Daria Mathew & Suzana Mohkeri 
260 0 0 |a Petaling Jaya, Selangor :   |b WWF Malaysia ,   |c 1995 
300 |a 113 p. :   |b col. photos, maps ;   |c 30 cm. 
650 0 0 |a Tourist trade   |z Perlis 
700 0 1 |a Suzana Mohkeri 
710 1 1 |a WWF Malaysia, Tabung Alam Malaysia 
998 |a JPSM 
999 |a 0000000611   |b Monograph   |c Open Shelf   |e Default branch